[Event "CAN-ch U12 Girls"]
[Site "Quebec"]
[Date "2008.07.14"]
[Round "1"]
[White "Sanders, Jasmine"]
[Black "Wang, Yan"]
[Result "0-1"]
[WhiteElo "1160"]
[BlackElo "1587"]
[PlyCount "90"]
[EventDate "2008.07.14"]
[EventType "swiss"]
[EventRounds "6"]
[EventCountry "CAN"]
[SourceTitle "EXT 2011"]
[Source "ChessBase"]
[SourceDate "2010.11.26"]
[SourceVersion "1"]
[SourceVersionDate "2010.11.26"]
[SourceQuality "1"]

1. e4 c5 2. Nc3 Nc6 3. Nf3 d6 4. Bb5 Bd7 5. 0-0 Nf6 6. d3 g6 7. Bg5 Bg7 8. d4 cxd4 9. Nxd4 0-0 10. Nxc6 bxc6 11. Bc4 Rb8 12. Rb1 Qa5 13. Bd2 Qc7 14. Bf4 Nh5 15. Bd2 Kh8 16. b3 Bc8 17. Re1 Qb6 18. Na4 Qc7 19. Bc3 Nf6 20. e5 Ng4 21. Be2 Nxe5 22. Bc4 Kg8 23. Bxe5 Bxe5 24. Qe2 Bb7 25. Qe3 Ba8 26. Qh6 Bg7 27. Qh4 e6 28. Re3 Qd8 29. Qg3 c5 30. Rd3 Be5 31. Qh3 Qc7 32. Qh6 Bg7 33. Qh3 d5 34. Bxd5 exd5 35. Qh4 Rfe8 36. Nc3 Qe5 37. f3 d4 38. Na4 Bc6 39. Rf1 Bb5 40. c4 dxc3 41. Rxc3 Qd4+ 42. Qf2 Qxf2+ 43. Kxf2 Bd4+ 44. Kg3 Bxc3 45. Nxc3 Bxf1 0-1